| 000 | 00618nam a22001817a 4500 | ||
|---|---|---|---|
| 005 | 20231116093701.0 | ||
| 008 | 231116b |||||||| |||| 00| 0 eng d | ||
| 020 | _a9780702171024 | ||
| 041 | _aEnglish | ||
| 082 | _a344.1 BLA | ||
| 100 |
_aThompson, C and HAYSOM INC. _lEnglish |
||
| 245 |
_aBlack Economic Empowerment : _bCommentary, Legislation and Charters, _cC Thompson and HAYSOM INC. |
||
| 250 | _aFirst Edition | ||
| 260 |
_aCape Town : _bJuta and Company (Pty) Ltd, _c2005 |
||
| 300 |
_bxxiii, 909 pages ; _c27 cm. |
||
| 650 |
_aLegal practice _bLaw |
||
| 942 |
_cBK _6ALISON_BN_VRIES |
||
| 999 |
_c718 _d718 |
||